Missing Word: Golf Quiz Stats

 Plays Quiz Updated Mar 3, 2019

Score 0/16 Timer 03:00
1 Play Today
Hint Answer % Correct
___ in OneHole
95.1%
___ WoodsTiger
92.3%
___ NicklausJack
92%
Ryder ___Cup
91.3%
Teeing ___Ground
79.6%
Professional Golfers' ___Association
78.8%
Out-of-___Bounds
77.7%
Triple ____Bogey
77.1%
Hint Answer % Correct
Rub of the ___Green
41.4%
___ SarazenGene
38.4%
Eisenhower ___Trophy
28%
Vardon ___Grip
24.6%
Explosion ___ ShotBunker
24.5%
Rowan ___ PlayMatch
14.3%
UL International ___Crown
11.2%
Reverse ___ BackBounce
3.4%

Today's Daily Dose

Missing Word
Banned Books (A-Z)

Word Ladder
Janis Joplin

Get the Picture
Occupations

You're not logged in!

Compare scores with friends on all Sporcle quizzes.
OR
Log In

Sporcle TV

Today on Sporcle TV


Watch our educational content, quiz creation guides, and fun videos on Sporcle TV.

Show Comments

Extras

Top Quizzes Today


Score Distribution

Your Account Isn't Verified!

In order to create a playlist on Sporcle, you need to verify the email address you used during registration. Go to your Sporcle Settings to finish the process.

Report this User

Report this user for behavior that violates our Community Guidelines.

Details: